| 000 | 00780cab a2200241 4500 | ||
|---|---|---|---|
| 001 | WB3401-88 | ||
| 008 | 090401t1998 xxu||||| |||| 00| 0 eng d | ||
| 035 | _a(Sirsi) u83010 | ||
| 041 | _aeng | ||
| 245 | _aRate relief will benefit village post offices | ||
| 260 | _c1998 | ||
| 350 | _a0 | ||
| 490 |
_aDETR News Release _v(ENV/001) 5 January 1998 (2) |
||
| 520 | _aNew rate relief will benefit post offices and general stores in small rural settlements. The sole post office or store in a settlement of less than 3,000 people will get 50 per cent rate relief. | ||
| 650 | _aPOST OFFICES | ||
| 650 | _aRATE RELIEF | ||
| 650 | _aRURAL AREAS | ||
| 650 | _aVILLAGE SHOPS | ||
| 650 | _aVILLAGES | ||
| 690 | _aRATING AND VALUATION | ||
| 942 | _n0 | ||
| 948 | _c07/01/1998 | ||
| 999 |
_c52439 _d52439 |
||